00778nam a2200253 i 4500001000300000100001700003245005600020260003700076300004000113500002200153650000900175650001500184655001800199020001500217040000800232041001100240080003100251920001800282942000700300008004100307999001700348856009800365952006100463bg1 aLEMAY, Laura10aHTML 4 :bvademecum profesjonalisty /cLaura Lemay. aGliwice :b"Helion",ccop. 1998. a1098 s. :brys. ;c25 cm +eCD-ROM. aTekst tł. z ang. 9aHTML 9aStrony WWW aPodręczniki a8371970439 cBPK1 aplhen a004.438(07)HTML:004.738.52 a83-7197-043-9 cKS s pl f |000 0 pol  c36440d36440 uhttp://koha.tu.koszalin.pl/cgi-bin/koha/opac-detail.pl?biblionumber=36440yKatalog online BPK 00104070aBPKbBPKcwo50819p01456387q2027-05-09yKS